000 00438nam a2200157Ia 4500
005 20250324120243.0
008 231217s9999 xx 000 0 und d
020 _a9788131410271
082 _a658.802 ICF;1 R
100 _aICFAI
245 0 _aCase studies in strategic marketing management
260 _c2006
_bIcfai University press
_aHyderabad
300 _a314
650 _astudies,strategic,marketing,management
942 _cAA
999 _c185226
_d185226